[Event "2 Bundesliga West 2007/2008"]
[Site "Salzburg"]
[Date "2007.10.06"]
[Round "1"]
[Board "1"]
[White "Dobosz, Henryk"]
[Black "Navratil, Robert"]
[Result "1-0"]
[WhiteElo "2430"]
[BlackElo "2141"]
[PlyCount "91"]
[EventDate "2007.10.06"]
[EventType "team"]
[EventRounds "11"]
[EventCountry "AUT"]
[WhiteTeam "GOetzis"]
[BlackTeam "ASK Salzburg"]

1.e4 d5 2.exd5 Nf6 3.c4 e6 4.d4 exd5 5.Nf3 Be7 6.Nc3 O-O 7.Be2 Nc6 8.O-O Bg4
9.cxd5 Nxd5 10.Qb3 Nb6 11.d5 Bxf3 12.Bxf3 Ne5 13.Be2 Bd6 14.f4 Ned7 15.Bf3 Qh4
16.g3 Qh3 17.Be3 Nf6 18.Bd4 h5 19.Qc2 Nbd7 20.Rae1 a6 21.Nd1 Ng4 22.Qg2 Qxg2+
23.Kxg2 Rfe8 24.Nc3 Ngf6 25.Ne4 Nxe4 26.Bxe4 Nc5 27.Bf3 g6 28.Rc1 b6 29.f5 Re7
30.fxg6 fxg6 31.Rce1 Rae8 32.Rxe7 Rxe7 33.Rd1 Nd7 34.Rd2 Ne5 35.Bd1 Nc4 36.Rd3
Be5 37.Bb3 b5 38.Bxc4 bxc4 39.Re3 Bd6 40.Rxe7 Bxe7 41.Kf3 Bd6 42.Ke4 h4 43.Be5
Bxe5 44.Kxe5 hxg3 45.hxg3 Kf7 46.Kd4

[Event "2 Bundesliga West 2007/2008"]
[Site "Salzburg"]
[Date "2007.10.06"]
[Round "1"]
[Board "2"]
[White "Teufl, Siegfried"]
[Black "Eisenbeiser, Amadeus"]
[Result "1/2-1/2"]
[WhiteElo "2207"]
[BlackElo "2319"]
[PlyCount "93"]
[EventDate "2007.10.06"]
[EventType "team"]
[EventRounds "11"]
[EventCountry "AUT"]
[WhiteTeam "ASK Salzburg"]
[BlackTeam "GOetzis"]

1.e4 d6 2.d4 Nf6 3.Nc3 e5 4.dxe5 dxe5 5.Qxd8+ Kxd8 6.Bc4 Ke8 7.Nge2 c6 8.f3 Bc5
9.a3 a5 10.a4 b6 11.Bd2 Ba6 12.Bxa6 Nxa6 13.O-O-O Nc7 14.Bg5 Ne6 15.Bxf6 gxf6
16.Rd3 Rd8 17.Rhd1 Rxd3 18.Rxd3 h5 19.g3 Ng7 20.Nd1 f5 21.Ne3 fxe4 22.fxe4 Bxe3+
23.Rxe3 Ke7 24.Rb3 Rb8 25.Kd2 Ne6 26.Ke3 Nc5 27.Ra3 Rg8 28.h3 Rg6 29.Ra1 Rf6
30.b3 Ne6 31.h4 Nc5 32.Rg1 Rg6 33.Rf1 Nd7 34.Rf5 Rh6 35.c3 Ke6 36.b4 Nf6 37.bxa5
bxa5 38.Nc1 Rg6 39.Rg5 Rxg5 40.hxg5 Nd7 41.Nb3 Nb6 42.Nxa5 Kd7 43.Kd3 Nxa4
44.Nc4 Nc5+ 45.Ke2 Ke6 46.Na5 Kd6 47.Nc4+

[Event "2 Bundesliga West 2007/2008"]
[Site "Salzburg"]
[Date "2007.10.06"]
[Round "1"]
[Board "3"]
[White "Schmidlechner, Alexander"]
[Black "Juergens, Klaus"]
[Result "0-1"]
[WhiteElo "2195"]
[BlackElo "2181"]
[PlyCount "38"]
[EventDate "2007.10.06"]
[EventType "team"]
[EventRounds "11"]
[EventCountry "AUT"]
[WhiteTeam "GOetzis"]
[BlackTeam "ASK Salzburg"]

1.d4 Nf6 2.c4 c5 3.d5 b5 4.cxb5 a6 5.f3 e6 6.Nc3 exd5 7.Nxd5 Bb7 8.Bg5 Bxd5
9.Bxf6 Qxf6 10.Qxd5 Ra7 11.Qd2 axb5 12.e3 c4 13.Ne2 Nc6 14.Kf2 Bb4 15.Qc1 O-O
16.Nc3 Bxc3 17.bxc3 Re8 18.Qb2 b4 19.Bxc4 Qh4+

[Event "2 Bundesliga West 2007/2008"]
[Site "Salzburg"]
[Date "2007.10.06"]
[Round "1"]
[Board "4"]
[White "Besner, Bernhard"]
[Black "Wallis, Anton"]
[Result "1/2-1/2"]
[WhiteElo "2119"]
[BlackElo "2163"]
[PlyCount "60"]
[EventDate "2007.10.06"]
[EventType "team"]
[EventRounds "11"]
[EventCountry "AUT"]
[WhiteTeam "ASK Salzburg"]
[BlackTeam "GOetzis"]

1.e4 c5 2.c3 d5 3.exd5 Qxd5 4.d4 Nf6 5.Nf3 Bg4 6.Be2 e6 7.O-O Nc6 8.h3 Bh5 9.Be3
cxd4 10.Nxd4 Bxe2 11.Qxe2 Nxd4 12.Bxd4 Be7 13.Rd1 Qf5 14.Nd2 O-O 15.Qf3 Qxf3
16.Nxf3 Rfd8 17.Kf1 Nd5 18.Rd2 f6 19.Rad1 Kf7 20.c4 Nb4 21.a3 Nc6 22.b4 Nxd4
23.Nxd4 a5 24.Nc2 e5 25.Rxd8 Rxd8 26.Rxd8 Bxd8 27.Ke2 axb4 28.axb4 Ke6 29.Kd3 f5
30.f3 h5

[Event "2 Bundesliga West 2007/2008"]
[Site "Salzburg"]
[Date "2007.10.06"]
[Round "1"]
[Board "5"]
[White "Kranz, Armin"]
[Black "LOeffler, Christoph"]
[Result "1-0"]
[WhiteElo "2172"]
[BlackElo "2172"]
[PlyCount "113"]
[EventDate "2007.10.06"]
[EventType "team"]
[EventRounds "11"]
[EventCountry "AUT"]
[WhiteTeam "GOetzis"]
[BlackTeam "ASK Salzburg"]

1.d4 d5 2.c4 e6 3.Nf3 Nf6 4.g3 Be7 5.Bg2 O-O 6.O-O dxc4 7.Qc2 a6 8.Qxc4 b5 9.Qc2
Bb7 10.Bf4 Nd5 11.Nbd2 Nxf4 12.gxf4 g6 13.Rac1 Bd6 14.e3 Nd7 15.Nb3 Nf6 16.Nc5
Bxf3 17.Bxf3 Ra7 18.Nb7 Qd7 19.Na5 Nd5 20.Nc6 Nb4 21.Qd2 Nxc6 22.Bxc6 Qe7 23.e4
Bb4 24.Qe3 Ba5 25.e5 Bb6 26.Rfd1 Rd8 27.Rc2 Qb4 28.a3 Qa4 29.Rcd2 Qc4 30.Qe4 b4
31.Kg2 Ba5 32.Rc2 Qb3 33.a4 Bb6 34.d5 a5 35.Rcd2 exd5 36.Bxd5 Rxd5 37.Qxd5 Qxd5+
38.Rxd5 Kf8 39.Kf3 Ke7 40.R1d2 Ra8 41.Ke4 Ke6 42.b3 Rb8 43.R5d3 h5 44.Rc2 Rg8
45.h3 Ke7 46.Rdd2 Rg7 47.Kd5 Rg8 48.f3 f5 49.Kc6 Be3 50.Rd7+ Ke6 51.Rxc7 Bxf4
52.Kb5 Kxe5 53.Kxa5 Kd4 54.Re7 Bd6 55.Rd7 Kd5 56.Rd2+ Kc5 57.R2xd6

[Event "2 Bundesliga West 2007/2008"]
[Site "Salzburg"]
[Date "2007.10.06"]
[Round "1"]
[Board "6"]
[White "Scheiblmaier, Robert"]
[Black "Flatz, Lothar"]
[Result "0-1"]
[WhiteElo "2135"]
[BlackElo "2156"]
[PlyCount "45"]
[EventDate "2007.10.06"]
[EventType "team"]
[EventRounds "11"]
[EventCountry "AUT"]
[WhiteTeam "ASK Salzburg"]
[BlackTeam "GOetzis"]

1.d4 Nf6 2.c4 g6 3.Nc3 Bg7 4.e4 d6 5.f3 O-O 6.Be3 c5 7.d5 Qa5 8.Qd2 a6 9.a4 e6
10.Ra3 exd5 11.cxd5 Nbd7 12.Nh3 Ne5 13.Nf2 Bd7 14.Be2 Qb4 15.O-O b5 16.f4 Nc4
17.Bxc4 Qxc4 18.e5 dxe5 19.fxe5 Ng4 20.Nxg4 Qxg4 21.axb5 axb5 22.Rxa8 Rxa8
23.Bf4

[Event "2 Bundesliga West 2007/2008"]
[Site "Salzburg"]
[Date "2007.10.06"]
[Round "1"]
[Board "1"]
[White "Anistratov, Dmitrij"]
[Black "Prusikin, Michael"]
[Result "0-1"]
[WhiteElo "2376"]
[BlackElo "2552"]
[PlyCount "82"]
[EventDate "2007.10.06"]
[EventType "team"]
[EventRounds "11"]
[EventCountry "AUT"]
[WhiteTeam "Dornbirn"]
[BlackTeam "Wuestenrot Inter Sbg Sued"]

1.e4 e6 2.d4 d5 3.Nc3 Nf6 4.Bg5 Bb4 5.e5 h6 6.Bd2 Bxc3 7.bxc3 Ne4 8.Bd3 Nxd2
9.Qxd2 c5 10.dxc5 Qc7 11.Nf3 O-O 12.O-O Nd7 13.Rfe1 Nxc5 14.Rab1 b6 15.Rb4 Bb7
16.Rg4 Kh8 17.Rh4 f5 18.exf6 Rxf6 19.Ne5 Ne4 20.Bxe4 dxe4 21.Ng4 Rd8 22.Qe3 Qf4
23.Qxf4 Rxf4 24.Nxh6 Rxh4 25.Nf7+ Kg8 26.Nxd8 Bd5 27.c4 Bxc4 28.Nc6 Rh5 29.Nxa7
Rc5 30.a4 Bd5 31.h4 Rxc2 32.Re3 Rc1+ 33.Kh2 Rc4 34.Ra3 e3 35.fxe3 Rxh4+ 36.Kg3
Rc4 37.Kh3 Rc1 38.g3 Bf3 39.Kh4 Rh1+ 40.Kg5 Rh5+ 41.Kg6 Re5

[Event "2 Bundesliga West 2007/2008"]
[Site "Salzburg"]
[Date "2007.10.06"]
[Round "1"]
[Board "2"]
[White "Pitl, Gregory"]
[Black "Klocker, Benedikt"]
[Result "1-0"]
[WhiteElo "2405"]
[BlackElo "2149"]
[PlyCount "61"]
[EventDate "2007.10.06"]
[EventType "team"]
[EventRounds "11"]
[EventCountry "AUT"]
[WhiteTeam "Wuestenrot Inter Sbg Sued"]
[BlackTeam "Dornbirn"]

1.d4 Nf6 2.Bg5 Ne4 3.Bf4 e6 4.f3 Nf6 5.e4 c5 6.Nc3 cxd4 7.Qxd4 Nc6 8.Qd2 d5
9.exd5 Nxd5 10.Nxd5 Qxd5 11.Qxd5 exd5 12.O-O-O Bf5 13.Bb5 Be6 14.Ne2 Bc5 15.Nd4
Bxd4 16.Rxd4 O-O 17.Rd2 Rac8 18.b3 a6 19.Be2 Bf5 20.Kb2 Rfe8 21.a3 Nd4 22.Bd1
Ne6 23.Be3 Red8 24.Bd4 Rc6 25.g4 Bg6 26.Re1 Rdc8 27.Be5 f6 28.Bg3 d4 29.f4 f5
30.Bf3 Rc3 31.Bd5

[Event "2 Bundesliga West 2007/2008"]
[Site "Salzburg"]
[Date "2007.10.06"]
[Round "1"]
[Board "3"]
[White "Novkovic, Julia"]
[Black "Pitschka, Klaus"]
[Result "1-0"]
[WhiteElo "2131"]
[BlackElo "2320"]
[PlyCount "37"]
[EventDate "2007.10.06"]
[EventType "team"]
[EventRounds "11"]
[EventCountry "AUT"]
[WhiteTeam "Dornbirn"]
[BlackTeam "Wuestenrot Inter Sbg Sued"]

1.e4 Nf6 2.e5 Nd5 3.Nc3 Nxc3 4.dxc3 d5 5.Nf3 c5 6.c4 d4 7.Bd3 Nc6 8.Bf4 Qa5+
9.Nd2 g5 10.Bxg5 Nxe5 11.Qe2 Nxd3+ 12.cxd3 Bf5 13.Qe5 Bxd3 14.Qxh8 O-O-O 15.Kd1
f6 16.Nb3 Qb6 17.Bd2 Bh6 18.Qxd8+ Kxd8 19.Ba5

[Event "2 Bundesliga West 2007/2008"]
[Site "Salzburg"]
[Date "2007.10.06"]
[Round "1"]
[Board "4"]
[White "Marchhart, Matthias"]
[Black "Kanonier, Clemens"]
[Result "1/2-1/2"]
[WhiteElo "2163"]
[BlackElo "2104"]
[PlyCount "82"]
[EventDate "2007.10.06"]
[EventType "team"]
[EventRounds "11"]
[EventCountry "AUT"]
[WhiteTeam "Wuestenrot Inter Sbg Sued"]
[BlackTeam "Dornbirn"]

1.e4 e5 2.Nf3 Nc6 3.d4 exd4 4.Bc4 Nf6 5.e5 d5 6.Bb5 Ne4 7.Nxd4 Bd7 8.Bxc6 bxc6
9.O-O Bc5 10.Be3 Bb6 11.f3 Ng5 12.f4 Ne4 13.Nd2 c5 14.N4b3 Nxd2 15.Qxd2 d4
16.Bf2 Bb5 17.Rfe1 Qd5 18.Kh1 Bc6 19.Bg1 O-O 20.c3 Rad8 21.cxd4 c4 22.e6 fxe6
23.Re5 Qxg2+ 24.Qxg2 Bxg2+ 25.Kxg2 cxb3 26.Rxe6 bxa2 27.Re4 Rf5 28.Rxa2 Rb5
29.Kf3 Kf7 30.Bf2 Rb3+ 31.Re3 Rb5 32.Rc3 Rdd5 33.Ke4 Rh5 34.h3 Rb4 35.b3 a5
36.h4 c5 37.Rc4 Rb5 38.dxc5 Bxc5 39.Bxc5 Rhxc5 40.Rac2 Rxc4+ 41.bxc4 Rb8

[Event "2 Bundesliga West 2007/2008"]
[Site "Salzburg"]
[Date "2007.10.06"]
[Round "1"]
[Board "5"]
[White "Natter, Markus"]
[Black "Durakovic, Alman"]
[Result "1/2-1/2"]
[WhiteElo "2122"]
[BlackElo "2158"]
[PlyCount "81"]
[EventDate "2007.10.06"]
[EventType "team"]
[EventRounds "11"]
[EventCountry "AUT"]
[WhiteTeam "Dornbirn"]
[BlackTeam "Wuestenrot Inter Sbg Sued"]

1.e4 c5 2.Na3 Nf6 3.Bb5 g6 4.c3 Bg7 5.d3 Nc6 6.f4 O-O 7.Nf3 d6 8.O-O Bd7 9.Qe1
a6 10.Bxc6 Bxc6 11.Qh4 b5 12.Bd2 a5 13.Rae1 b4 14.Nc4 d5 15.Nce5 Bb7 16.exd5
bxc3 17.bxc3 Qxd5 18.c4 Qd6 19.Rb1 Rfb8 20.Ng5 Ne4 21.Qxh7+ Kf8 22.Nxe4 Bxe4
23.Bc3 Rxb1 24.Rxb1 Bf5 25.Rb7 f6 26.Nxg6+ Bxg6 27.Qxg6 Rb8 28.Rxb8+ Qxb8 29.Qe4
Qb1+ 30.Kf2 Qc2+ 31.Kg3 Qxc3 32.Qa8+ Kf7 33.Qd5+ Kg6 34.Kg4 e5 35.Qe4+ Kf7
36.Qb7+ Kg8 37.Qc8+ Bf8 38.Qe6+ Kg7 39.Qd7+ Kg8 40.Qe6+ Kg7 41.Qd7+

[Event "2 Bundesliga West 2007/2008"]
[Site "Salzburg"]
[Date "2007.10.06"]
[Round "1"]
[Board "6"]
[White "Huber, Wolfgang"]
[Black "Klocker, Daniel"]
[Result "0-1"]
[WhiteElo "2060"]
[BlackElo "2067"]
[PlyCount "92"]
[EventDate "2007.10.06"]
[EventType "team"]
[EventRounds "11"]
[EventCountry "AUT"]
[WhiteTeam "Wuestenrot Inter Sbg Sued"]
[BlackTeam "Dornbirn"]

1.e4 e5 2.Nf3 Nf6 3.Nxe5 d6 4.Nf3 Nxe4 5.d4 d5 6.Bd3 Bd6 7.O-O O-O 8.c4 c6 9.Nc3
Nxc3 10.bxc3 Nd7 11.Bg5 Qc7 12.Re1 dxc4 13.Bxc4 Nb6 14.Bb3 Bg4 15.h3 Bh5 16.c4
Bb4 17.Re4 Rfe8 18.Bf4 Qd7 19.Rxe8+ Rxe8 20.g4 Bg6 21.Ne5 Qd8 22.Be3 Bc3 23.Nxg6
Bxa1 24.Qxa1 hxg6 25.Qc3 Nd7 26.Qb4 b6 27.g5 Nf8 28.Ba4 Re6 29.Qd2 Rd6 30.Bb3
Ne6 31.d5 Nc5 32.Bf4 Nxb3 33.axb3 Rd7 34.d6 c5 35.Qd5 Qc8 36.Kh2 a6 37.h4 Rd8
38.Kg3 Qd7 39.f3 a5 40.Kg2 Qf5 41.Qd2 Qe6 42.Kg3 a4 43.Qa2 Qe1+ 44.Kh3 Qd1
45.Qxa4 Qxf3+ 46.Bg3 Rxd6

[Event "2 Bundesliga West 2007/2008"]
[Site "Salzburg"]
[Date "2007.10.06"]
[Round "1"]
[Board "1"]
[White "Novkovic, Milan"]
[Black "FrOewis, Georg"]
[Result "1/2-1/2"]
[WhiteElo "2413"]
[BlackElo "2223"]
[PlyCount "125"]
[EventDate "2007.10.06"]
[EventType "team"]
[EventRounds "11"]
[EventCountry "AUT"]
[WhiteTeam "Hohenems II"]
[BlackTeam "Lustenau"]

1.Nf3 d5 2.g3 c6 3.Bg2 Bg4 4.O-O Nd7 5.d4 e6 6.Nbd2 Ngf6 7.Re1 Be7 8.e4 dxe4
9.Nxe4 Nxe4 10.Rxe4 Nf6 11.Re1 O-O 12.c3 Qb6 13.Qb3 Rfd8 14.Ne5 Bf5 15.Nc4 Qa6
16.Bg5 Rac8 17.Bf1 b5 18.Ne3 Bg6 19.a4 Qb7 20.axb5 Rb8 21.Qa4 Ne4 22.Bf4 cxb5
23.Qxa7 Bd6 24.Bxd6 Qxa7 25.Rxa7 Nxd6 26.Ng4 Nc4 27.Ne5 Nxe5 28.Rxe5 b4 29.Rb5
bxc3 30.Rxb8 Rxb8 31.bxc3 h6 32.Ra1 Kf8 33.Bg2 Ke7 34.Bf3 Rb3 35.Rc1 Kd6 36.Kg2
e5 37.dxe5+ Kxe5 38.Re1+ Kd6 39.Re3 f6 40.h4 Bf7 41.Rd3+ Ke7 42.Bc6 Bc4 43.Re3+
Kd6 44.Be4 Ra3 45.h5 Ra5 46.Bg6 Bd5+ 47.f3 Ra2+ 48.Kg1 Ra1+ 49.Kf2 Ra2+ 50.Re2
Kc5 51.Rxa2 Bxa2 52.Bd3 Bf7 53.g4 Bg8 54.Ke3 Be6 55.Be2 Bg8 56.Kf4 Bh7 57.Ba6
Kd5 58.Bb7+ Kc4 59.Be4 Bg8 60.Kf5 Bf7 61.Bc6 Kxc3 62.Bd7 Kd4 63.Kf4

[Event "2 Bundesliga West 2007/2008"]
[Site "Salzburg"]
[Date "2007.10.06"]
[Round "1"]
[Board "2"]
[White "Hugentobler,  Patrick"]
[Black "GAertner, Guntram"]
[Result "1-0"]
[WhiteElo "2274"]
[BlackElo "2328"]
[PlyCount "117"]
[EventDate "2007.10.06"]
[EventType "team"]
[EventRounds "11"]
[EventCountry "AUT"]
[WhiteTeam "Lustenau"]
[BlackTeam "Hohenems II"]

1.e4 c5 2.Nf3 e6 3.b3 Nf6 4.e5 Nd5 5.Bb2 Nc6 6.g3 Be7 7.c4 Nc7 8.Bg2 O-O 9.O-O
d5 10.exd6 Qxd6 11.Qe2 f6 12.Nc3 e5 13.Rfd1 Bg4 14.Na4 Ne6 15.Qe1 Nb4 16.Qe4 f5
17.Qxe5 Qxe5 18.Bxe5 Nd3 19.Bc3 Bf6 20.h3 Bh5 21.Ne1 Bxd1 22.Nxd3 Bc2 23.Ndxc5
Bxc3 24.dxc3 Nxc5 25.Nxc5 Be4 26.Nxe4 fxe4 27.Bxe4 Rab8 28.Bd5+ Kh8 29.c5 Rfd8
30.c4 Rdc8 31.b4 Rc7 32.Re1 g6 33.Re6 Kg7 34.a3 Rf8 35.b5 Rb8 36.c6 b6 37.Re3
Kf6 38.Be6 Ke7 39.Kf1 Kd6 40.Ke2 a6 41.a4 axb5 42.axb5 Ra8 43.Bd5 Kc5 44.f4 Ra2+
45.Kf3 Ra8 46.Kg4 Rf8 47.Re5 Kd6 48.h4 Rg7 49.Kg5 Rf5+ 50.Rxf5 gxf5+ 51.Kxf5
Rxg3 52.h5 h6 53.Kf6 Rg4 54.f5 Rg5 55.Bf7 Rg4 56.Bg6 Rxc4 57.Kg7 Ra4 58.f6 Ra8
59.Bf5

[Event "2 Bundesliga West 2007/2008"]
[Site "Salzburg"]
[Date "2007.10.06"]
[Round "1"]
[Board "3"]
[White "Atlas, Dimitry"]
[Black "Bezler, Rainer"]
[Result "1/2-1/2"]
[WhiteElo "2299"]
[BlackElo "2258"]
[PlyCount "88"]
[EventDate "2007.10.06"]
[EventType "team"]
[EventRounds "11"]
[EventCountry "AUT"]
[WhiteTeam "Hohenems II"]
[BlackTeam "Lustenau"]

1.e4 e5 2.Bc4 Nc6 3.Nf3 d6 4.O-O Be7 5.a4 Nf6 6.Nc3 O-O 7.d3 Be6 8.Qe2 Bg4 9.Qe3
Qd7 10.h3 Be6 11.Bd2 Nb4 12.Rfc1 a6 13.a5 Rae8 14.Ra4 c5 15.b3 Nh5 16.Ne2 Nc6
17.c3 Bd8 18.Rca1 Bxc4 19.bxc4 f5 20.exf5 Qxf5 21.Qe4 Qd7 22.Ng3 Nf4 23.Bxf4
Rxf4 24.Qd5+ Kh8 25.Ne4 Bc7 26.Nxe5 Qc8 27.Ng5 dxe5 28.Nf7+ Rxf7 29.Qxf7 Qd8
30.Qd5 Bxa5 31.Rxa5 Nxa5 32.Qxd8 Rxd8 33.Rxa5 Rc8 34.f3 Kg8 35.Kf2 Kf7 36.Ke3
Ke6 37.Ke4 Kd6 38.g3 Rc6 39.h4 Rb6 40.d4 exd4 41.cxd4 Rc6 42.g4 cxd4 43.Kxd4 Kc7
44.f4 Rd6+

[Event "2 Bundesliga West 2007/2008"]
[Site "Salzburg"]
[Date "2007.10.06"]
[Round "1"]
[Board "4"]
[White "Doskocil, Klaus"]
[Black "Burschowsky, Matthias"]
[Result "1/2-1/2"]
[WhiteElo "2202"]
[BlackElo "2208"]
[PlyCount "55"]
[EventDate "2007.10.06"]
[EventType "team"]
[EventRounds "11"]
[EventCountry "AUT"]
[WhiteTeam "Lustenau"]
[BlackTeam "Hohenems II"]

1.e4 c5 2.d3 Nc6 3.Nf3 g6 4.g3 Bg7 5.Bg2 d6 6.O-O Nf6 7.Nc3 O-O 8.h3 Rb8 9.Be3
b5 10.Qd2 c4 11.Bh6 cxd3 12.Bxg7 Kxg7 13.cxd3 Ne5 14.Ne1 b4 15.Ne2 Qb6 16.Kh1
Ba6 17.f4 Nc6 18.b3 Nd4 19.Nf3 Nxe2 20.Qxe2 Rfc8 21.e5 Nh5 22.Kh2 Rc6 23.Rad1
Rbc8 24.Rd2 Qc5 25.Ng5 Qd4 26.Nf3 Qc5 27.Ng5 Qd4 28.Nf3

[Event "2 Bundesliga West 2007/2008"]
[Site "Salzburg"]
[Date "2007.10.06"]
[Round "1"]
[Board "5"]
[White "Baldauf, Marco"]
[Black "Maier, Peter"]
[Result "1-0"]
[WhiteElo "2236"]
[BlackElo "2159"]
[PlyCount "77"]
[EventDate "2007.10.06"]
[EventType "team"]
[EventRounds "11"]
[EventCountry "AUT"]
[WhiteTeam "Hohenems II"]
[BlackTeam "Lustenau"]

1.e4 g6 2.d4 Bg7 3.Nc3 d6 4.Be3 a6 5.h3 b5 6.Bd3 Nd7 7.a4 b4 8.Nce2 Bb7 9.c3
Ngf6 10.Ng3 bxc3 11.bxc3 c5 12.Nf3 O-O 13.O-O Qc7 14.Qd2 a5 15.Bh6 e6 16.Rfe1
Ne8 17.Bb5 Bc6 18.Bxc6 Qxc6 19.Bxg7 Kxg7 20.d5 Qc8 21.Rab1 e5 22.Rb5 Nc7 23.Rb2
Rb8 24.Reb1 Rxb2 25.Rxb2 Qa6 26.Qg5 f6 27.Qg4 Qc8 28.Nf5+ Kh8 29.Nxd6 Qd8 30.Nb7
Qc8 31.Nd6 Qd8 32.Qh4 Nb8 33.Nb7 Qe8 34.Nxc5 Nba6 35.Nxa6 Nxa6 36.Rb6 g5 37.Qh6
Nc5 38.Rxf6 Rxf6 39.Qxf6+

[Event "2 Bundesliga West 2007/2008"]
[Site "Salzburg"]
[Date "2007.10.06"]
[Round "1"]
[Board "1"]
[White "Neuschmied, Siegfried"]
[Black "Medvegy, Zoltan"]
[Result "0-1"]
[WhiteElo "2319"]
[BlackElo "2512"]
[PlyCount "73"]
[EventDate "2007.10.06"]
[EventType "team"]
[EventRounds "11"]
[EventCountry "AUT"]
[WhiteTeam "WOergl"]
[BlackTeam "ATSV Ranshofen"]

1.c4 e5 2.g3 c6 3.d4 Bb4+ 4.Bd2 Bxd2+ 5.Qxd2 d6 6.Nc3 Nf6 7.dxe5 dxe5 8.Qxd8+
Kxd8 9.Nf3 Re8 10.h3 Kc7 11.e4 Nbd7 12.Bd3 Nc5 13.Bc2 a5 14.b3 h6 15.O-O-O Nh7
16.Ne1 Ng5 17.h4 Nge6 18.Ne2 Nf8 19.f3 Be6 20.Ng2 a4 21.Kb2 Nfd7 22.Ne3 Na6
23.Kc3 axb3 24.axb3 b5 25.Ra1 b4+ 26.Kb2 Nac5 27.f4 Nf6 28.Rxa8 Rxa8 29.fxe5
Nfxe4 30.Rf1 Rd8 31.Kc1 Nd2 32.Rf4 Ndxb3+ 33.Bxb3 Nxb3+ 34.Kc2 g5 35.Rf6 Na5
36.c5 b3+ 37.Kc3

[Event "2 Bundesliga West 2007/2008"]
[Site "Salzburg"]
[Date "2007.10.06"]
[Round "1"]
[Board "2"]
[White "Dovzik, Juri"]
[Black "Blaskowski, Johannes"]
[Result "1/2-1/2"]
[WhiteElo "2381"]
[BlackElo "2328"]
[PlyCount "32"]
[EventDate "2007.10.06"]
[EventType "team"]
[EventRounds "11"]
[EventCountry "AUT"]
[WhiteTeam "ATSV Ranshofen"]
[BlackTeam "WOergl"]

1.Nf3 c5 2.c4 g6 3.Nc3 Bg7 4.e3 Nf6 5.d4 Na6 6.Be2 O-O 7.O-O d6 8.h3 b6 9.Re1
Nc7 10.e4 cxd4 11.Nxd4 Ne6 12.Nc6 Qc7 13.Nd5 Nxd5 14.exd5 Bb7 15.Nb4 Nd4 16.Bd3
e6

[Event "2 Bundesliga West 2007/2008"]
[Site "Salzburg"]
[Date "2007.10.06"]
[Round "1"]
[Board "3"]
[White "Eybl, Alexander"]
[Black "Webersberger, Johann"]
[Result "1/2-1/2"]
[WhiteElo "2273"]
[BlackElo "2236"]
[PlyCount "34"]
[EventDate "2007.10.06"]
[EventType "team"]
[EventRounds "11"]
[EventCountry "AUT"]
[WhiteTeam "WOergl"]
[BlackTeam "ATSV Ranshofen"]

1.d4 g6 2.e4 d6 3.Nf3 a6 4.a4 Bg7 5.Be3 b6 6.Qd2 Nd7 7.Nc3 Bb7 8.Bc4 e6 9.d5 e5
10.g4 Ngf6 11.h3 Nc5 12.Bxc5 dxc5 13.Nxe5 Nxe4 14.Nxe4 Bxe5 15.O-O-O O-O 16.f4
Bg7 17.c3 Qd7

[Event "2 Bundesliga West 2007/2008"]
[Site "Salzburg"]
[Date "2007.10.06"]
[Round "1"]
[Board "4"]
[White "Bensch, Patrick"]
[Black "Grundherr, Martin"]
[Result "1/2-1/2"]
[WhiteElo "2262"]
[BlackElo "2282"]
[PlyCount "40"]
[EventDate "2007.10.06"]
[EventType "team"]
[EventRounds "11"]
[EventCountry "AUT"]
[WhiteTeam "ATSV Ranshofen"]
[BlackTeam "WOergl"]

1.e4 c5 2.Nf3 d6 3.d4 Nf6 4.Nc3 cxd4 5.Nxd4 a6 6.f3 e6 7.Be3 b5 8.g4 h6 9.Qd2
Bb7 10.O-O-O Nbd7 11.h4 b4 12.Nce2 d5 13.Bh3 g5 14.hxg5 hxg5 15.Bxg5 dxe4 16.Bg2
Rg8 17.Ng3 Qa5 18.Bxf6 Nxf6 19.Kb1 O-O-O 20.Qe2 Bg7

[Event "2 Bundesliga West 2007/2008"]
[Site "Salzburg"]
[Date "2007.10.06"]
[Round "1"]
[Board "5"]
[White "Bertagnolli, Alexander"]
[Black "Ager, Josef"]
[Result "1-0"]
[WhiteElo "2319"]
[BlackElo "2213"]
[PlyCount "75"]
[EventDate "2007.10.06"]
[EventType "team"]
[EventRounds "11"]
[EventCountry "AUT"]
[WhiteTeam "WOergl"]
[BlackTeam "ATSV Ranshofen"]

1.d4 Nf6 2.Bg5 Ne4 3.Bf4 e6 4.f3 Bd6 5.Bxd6 Nxd6 6.e4 b6 7.Na3 O-O 8.Bd3 Ba6
9.Ne2 Bxd3 10.Qxd3 Nc6 11.O-O Qe7 12.Rad1 a6 13.Rfe1 Rfd8 14.d5 exd5 15.exd5 Ne5
16.Qc3 Qf6 17.Qxc7 b5 18.Qb6 Qg6 19.Ng3 Rdb8 20.Qd4 b4 21.Qxe5 bxa3 22.b3 Re8
23.Qf4 Nb5 24.Qd2 Qb6+ 25.Kf1 a5 26.Rxe8+ Rxe8 27.c4 Nd6 28.Qd4 Qb4 29.Ne4 Nxe4
30.fxe4 a4 31.c5 Qb8 32.Qxa4 Qxh2 33.Qxd7 Qf4+ 34.Kg1 Qxe4 35.d6 Qe3+ 36.Kh1 Kf8
37.c6 Qc5 38.Qh3

[Event "2 Bundesliga West 2007/2008"]
[Site "Salzburg"]
[Date "2007.10.06"]
[Round "1"]
[Board "6"]
[White "Hackbarth, Wolfgang"]
[Black "Astl, Peter"]
[Result "1/2-1/2"]
[WhiteElo "2141"]
[BlackElo "2263"]
[PlyCount "79"]
[EventDate "2007.10.06"]
[EventType "team"]
[EventRounds "11"]
[EventCountry "AUT"]
[WhiteTeam "ATSV Ranshofen"]
[BlackTeam "WOergl"]

1.c4 c6 2.Nf3 d5 3.cxd5 cxd5 4.d4 Nf6 5.e3 Nc6 6.Nc3 a6 7.Bd3 Bg4 8.h3 Bh5 9.g4
Bg6 10.Ne5 Rc8 11.Nxg6 hxg6 12.f4 e6 13.Bd2 b5 14.Rc1 Nd7 15.Qf3 Nb6 16.b3 Ba3
17.Rd1 Nb4 18.Bb1 Qh4+ 19.Ke2 f5 20.Rdg1 Kf7 21.Rg3 Nc6 22.Rhg1 Bf8 23.Qg2 Rh7
24.Nd1 Nd7 25.gxf5 gxf5 26.Nf2 Nf6 27.Be1 Qh5+ 28.Kf1 Nxd4 29.exd4 Rc1 30.Rg5
Bb4 31.Nd3 Qh4 32.Rxg7+ Kf8 33.Rg8+ Nxg8 34.Qxg8+ Ke7 35.Rg7+ Rxg7 36.Qxg7+ Ke8
37.Qg8+ Ke7 38.Qg5+ Qxg5 39.fxg5 Rxb1 40.Nxb4

[Event "2 Bundesliga West 2007/2008"]
[Site "Salzburg"]
[Date "2007.10.06"]
[Round "1"]
[Board "1"]
[White "Bromberger, Stefan"]
[Black "Bayer, Bernhard"]
[Result "1/2-1/2"]
[WhiteElo "2493"]
[BlackElo "2367"]
[PlyCount "96"]
[EventDate "2007.10.06"]
[EventType "team"]
[EventRounds "11"]
[EventCountry "AUT"]
[WhiteTeam "Rochade Rum"]
[BlackTeam "Schwaz"]

1.e4 e6 2.d4 d5 3.Nc3 dxe4 4.Nxe4 Nd7 5.Nf3 Ngf6 6.Nxf6+ Nxf6 7.c3 Be7 8.Bd3 O-O
9.Bg5 b6 10.h4 Bb7 11.Rh3 Ne4 12.Qc2 f5 13.Bc4 Bxg5 14.Bxe6+ Kh8 15.hxg5 Nxg5
16.Nxg5 Qxg5 17.Re3 Rae8 18.d5 f4 19.Rh3 h6 20.O-O-O f3+ 21.Qd2 Qxd2+ 22.Rxd2
fxg2 23.Rg3 Bxd5 24.Bxd5 Re1+ 25.Rd1 Rxd1+ 26.Kxd1 Rd8 27.c4 c6 28.Rxg2 cxd5
29.cxd5 Rxd5+ 30.Ke2 Kh7 31.f4 g6 32.Ke3 Kg7 33.Ke4 Ra5 34.Rc2 h5 35.b3 Rc5
36.Rd2 Rc7 37.Rd6 h4 38.Kf3 Rc3+ 39.Kg4 h3 40.Rd7+ Kf6 41.Rxa7 h2 42.Rh7 Rc2
43.a4 Rg2+ 44.Kf3 Rb2 45.Kg4 Rxb3 46.Rxh2 Rb4 47.Rc2 Rxa4 48.Rc6+ Kf7

[Event "2 Bundesliga West 2007/2008"]
[Site "Salzburg"]
[Date "2007.10.06"]
[Round "1"]
[Board "2"]
[White "Fuchs, Georg"]
[Black "Heinzel, Olaf"]
[Result "1/2-1/2"]
[WhiteElo "2221"]
[BlackElo "2392"]
[PlyCount "95"]
[EventDate "2007.10.06"]
[EventType "team"]
[EventRounds "11"]
[EventCountry "AUT"]
[WhiteTeam "Schwaz"]
[BlackTeam "Rochade Rum"]

1.e4 d5 2.exd5 Qxd5 3.Nc3 Qd6 4.d4 Nf6 5.Nge2 c6 6.Bf4 Qd8 7.Qd3 e6 8.O-O-O Nbd7
9.Qf3 Be7 10.g4 Nb6 11.Be5 Nc4 12.Ng3 Nxe5 13.dxe5 Nd5 14.Nxd5 cxd5 15.Bd3 g6
16.h4 Bxh4 17.Ne4 dxe4 18.Bb5+ Bd7 19.Qxe4 Bg5+ 20.f4 Bxb5 21.Rxd8+ Rxd8 22.Qxb7
Bxf4+ 23.Kb1 Bd7 24.Rd1 h5 25.gxh5 Rxh5 26.c4 Rxe5 27.b4 g5 28.c5 Rd5 29.Rh1 Be5
30.Rf1 Rxc5 31.Qf3 f5 32.Qh5+ Ke7 33.Qh7+ Kf6 34.bxc5 Rb8+ 35.Kc1 Bb5 36.Qh6+
Kf7 37.Qh7+ Kf6 38.Qh6+ Kf7 39.Re1 Bf4+ 40.Kc2 e5 41.Rh1 e4 42.Qh7+ Ke6 43.Rh6+
Kd5 44.Qxf5+ Kd4 45.Qf6+ Kd5 46.Qf5+ Kd4 47.Qf6+ Kd5 48.Qf5+